000 01071 a2200241 4500
001 40616
005 20260407155701.0
008 260407a2015 arg spa d
003 AR-UNSa-BCEJYS
040 _aAR-UNSa-BCEJYS
_bspa
_cAR-UNSa-BCEJYS
080 _a37.01
_xBases de la educación. Teoría. Política, etc.
245 1 0 _aReduvolution
_phacer la revolución en la educación
020 _a978-950-12-0272-4
264 1 _aBuenos Aires :
_bPaidós
_c2015
300 _a222 p.
_c21 cm.
505 _a1. Lo que nosotros enseñamos no es lo que los estudiantes aprenden - 2. No solo hay que parecer democráticos, sino que hay que serlo - 3. De la clase a la reunión - 4. No tengo tiempo para aprender porque tengo que estudiar - 5. De una educación basada en la evaluación a una educación basada en el aprendizaje
041 _aspa
942 _cBK
590 _aniveau_biblio:m niveau_hierar:0
100 1 _aMegías, Clara
700 1 _aAcaso, María
856 4 1 _uhttps://biblioeco.unsa.edu.ar/pmb/images/libros/L126149.jpg
_yImagen de portada
_qimage/jpeg
999 _c3266
_d3266